000 00422nam a2200181Ia 4500
008 151202s9999||||xx |||||||||||||| ||und||
082 _bPNVM-71396
100 _aROBERTS NORA.
245 _aBED OF ROSES.
260 _b"BERKLEY BOOK,NEW YORK."
260 _c2009
300 _a358
600 _aROBERTS NORA.
630 _aBED OF ROSES.
700 _aROBERTS NORA.
730 _aBED OF ROSES.
942 _cBOOK
999 _c1337995
_d1337992